Rural Banks for Rural Devlopment (Record no. 28995)

MARC details
000 -LEADER
fixed length control field 00384nam a2200145Ia 4500
008 - FIXED-LENGTH DATA ELEMENTS--GENERAL INFORMATION
fixed length control field 090122s9999 xx 000 0 und d
082 ## - DEWEY DECIMAL CLASSIFICATION NUMBER
Item number 4917
Classification number 332.1
100 ## - MAIN ENTRY--PERSONAL NAME
Personal name Wadhva
Numeration Charan
Titles and other words associated with a name D
245 ## - TITLE STATEMENT
Title Rural Banks for Rural Devlopment
600 ## - SUBJECT ADDED ENTRY--PERSONAL NAME
Personal name Wadhva
630 ## - SUBJECT ADDED ENTRY--UNIFORM TITLE
Uniform title Rural Banks for Rural Devlopment
700 ## - ADDED ENTRY--PERSONAL NAME
Personal name Wadhva
730 ## - ADDED ENTRY--UNIFORM TITLE
Uniform title Rural Banks for Rural Devlopment
942 ## - ADDED ENTRY ELEMENTS (KOHA)
Koha item type Book
Holdings
Withdrawn status Lost status Damaged status Not for loan Home library Current library Date acquired Total Checkouts Full call number Barcode Date last seen Copy number Price effective from Koha item type
        Dombivali Granthasangrahalaya, Dombivali Dombivali Granthasangrahalaya, Dombivali 01/22/2009   4917 DOM-4917 01/22/2009 1 01/22/2009 Book